Compilation of Central Civil Services National Pension System Rules (Record no. 208504)

MARC details
000 -LEADER
fixed length control field 00661nam a22001817a 4500
005 - DATE AND TIME OF LATEST TRANSACTION
control field 20250115110807.0
010 ## - LCCN (DPL NO)
LC control number ENG-143412
020 ## - INTERNATIONAL STANDARD BOOK NUMBER
International Standard Book Number 9788195320547
Terms of availability 250.00
035 ## - SYSTEM CONTROL NUMBER
System control number EN-126944
037 ## - SOURCE OF ACQUISITION
Source of stock number/acquisition DBAD
082 ## - DEWEY DECIMAL CLASSIFICATION NUMBER
Classification number 351.5
100 ## - MAIN ENTRY--PERSONAL NAME
Personal name Bangia Harshul
245 ## - TITLE STATEMENT
Title Compilation of Central Civil Services National Pension System Rules
Statement of responsibility, etc Harshul Bangia
260 ## - PUBLICATION, DISTRIBUTION, ETC. (IMPRINT)
Place of publication, distribution, etc UG -1, Ansal Chamber-1, 3 Bhikaji Cama Place, New Delhi
Name of publisher, distributor, etc Sumedha Publishing House
Date of publication, distribution, etc 2021
270 ## - ADDRESS
Address UG -1, Ansal Chamber-1, 3 Bhikaji Cama Place, New Delhi
City New Delhi
Postal code 110066
Telephone number 26104004
300 ## - PHYSICAL DESCRIPTION
Extent xii,171p.
Dimensions 24cm(pb)
942 ## - ADDED ENTRY ELEMENTS (KOHA)
Source of classification or shelving scheme Dewey Decimal Classification
Item type English Books
Call number suffix Ban
Classification part 351.5
Holdings
Withdrawn status Lost status Not for loan Collection code Home library Current library Date acquired Source of acquisition Cost, normal purchase price Full call number Barcode Koha item type
      Non-fiction Central Library Central Library 15/01/2025 DABD 250.00 Ban 351.5 EN-126944 English Books

© Delhi Public Library
Hit Counter
free hit counter